01567nab a22002537a 4500999001500000003000400015005001700019008004100036040000700077100003300084245010800117260007300225300001200298500004400310505054800354505009000902650003500992650002701027650003401054650003601088650002901124773014701153942001301300 c5400d5400OSt20250311125205.0190604e xxu||||| |||| 00| 0 spa d cPJ 96426aBrandt, María Inés10aLineamientos del nuevo Régimen de Incentivo para Grandes Inversiones (RIGI) /cMaría Inés Brandt. aCiudad Autónoma de Buenos Aires :bThomson Reuters La Ley, c2024. ap. 5-15 aCita Online: TR LALEY AR/DOC/1897/2024. aSumario: I. Introducción.— II. Condiciones de adhesión.— III. Condiciones de permanencia en el RIGI.— IV. Incentivos, garantías y estabilidad.— V. Articulación con jurisdicciones locales.— VI. Articulación con otros regímenes promocionales.— VII. Terminación de los incentivos bajo el RIGI.— VIII. Régimen infraccional y sancionatorio.— IX. Protección bajo los tratados de promoción y protección recíproca de inversiones.— X. Solución de controversias.— XI. Entrada en vigencia y reglamentación. t¿Te interesa el texto completo? Solicitalo al correo: koha@justierradelfuego.gov.ar  094919aIMPUESTO A LAS GANANCIAS 093232aDERECHO ADUANERO 096123aDERECHOS DE EXPORTACION 096427aDERECHOS DE IMPORTACIÓN 096122aTRIBUTOS ADUANEROS0 0271493171dCiudad Autónoma de Buenos Aires : Thomson Reuters La Ley, 2014-tRevista anales de legislación argentina. Nº 8 - Agosto 2024. 2udccANA